00746cam a22002177a 4500003000500000005001700005008004100022010000900063011000900072035000900081040000900090100002900099245017000128260004000298300002200338502007700360650002400437650002500461650002100486650002100507CHAP20220329133005.0971013s1990 r 00010 d a1008 a1980 a1165 cCHAP00aOrtiz Torres, Enrique A. 0aRendimiento de híbridos de maíz (Zea mays L.) de la zona de transición el Bajio Valles Altos, por efecto de la utilización de semilla de generaciones F1 y F2 aChapingo, Méx. :bEl autor,c1990 a62 h.b: gráfs. aTesis (Ing. Agr. Esp. en Fitotecnia) -- UACH. Departamento de Fitotecnia14aMaízxHíbridos.14aMaízxRendimiento.14aMaízxSemilla.14aMaízzHidalgo.